Your best life now : (Record no. 3437)
[ view plain ]
| 000 -LEADER | |
|---|---|
| fixed length control field | 02429pam a22003494a 4500 |
| 001 - CONTROL NUMBER | |
| control field | 13591915 |
| 003 - CONTROL NUMBER IDENTIFIER | |
| control field | OSt |
| 005 - DATE AND TIME OF LATEST TRANSACTION | |
| control field | 20181113115649.0 |
| 008 - FIXED-LENGTH DATA ELEMENTS--GENERAL INFORMATION | |
| fixed length control field | 040513s2004 nyu b 000 0 eng |
| 010 ## - LIBRARY OF CONGRESS CONTROL NUMBER | |
| LC control number | 2004011442 |
| 020 ## - INTERNATIONAL STANDARD BOOK NUMBER | |
| International Standard Book Number | 0446532754 |
| 035 ## - SYSTEM CONTROL NUMBER | |
| System control number | (OCoLC)ocm55149452 |
| 040 ## - CATALOGING SOURCE | |
| Original cataloging agency | DLC |
| Transcribing agency | DLC |
| Modifying agency | YDX |
| -- | DLC |
| 042 ## - AUTHENTICATION CODE | |
| Authentication code | pcc |
| 050 00 - LIBRARY OF CONGRESS CALL NUMBER | |
| Classification number | BV4598.2 |
| Item number | .O88 2004 |
| 082 00 - DEWEY DECIMAL CLASSIFICATION NUMBER | |
| Classification number | 248.4 |
| Edition number | 22 |
| Item number | O85Y |
| 100 1# - MAIN ENTRY--PERSONAL NAME | |
| Personal name | Osteen, Joel. |
| 245 10 - TITLE STATEMENT | |
| Title | Your best life now : |
| Remainder of title | 7 steps to living at your full potential / |
| Statement of responsibility, etc. | Joel Osteen. |
| 250 ## - EDITION STATEMENT | |
| Edition statement | 1st Warner Faith ed. |
| 260 ## - PUBLICATION, DISTRIBUTION, ETC. | |
| Place of publication, distribution, etc. | New York : |
| Name of publisher, distributor, etc. | Warner Books, |
| Date of publication, distribution, etc. | c2004. |
| 300 ## - PHYSICAL DESCRIPTION | |
| Extent | x, 310 p. ; |
| Dimensions | 24 cm. |
| 504 ## - BIBLIOGRAPHY, ETC. NOTE | |
| Bibliography, etc. note | Includes bibliographical references (p. 307-309). |
| 505 0# - FORMATTED CONTENTS NOTE | |
| Formatted contents note | Enlarge your vision -- Enlarging your vision -- Raising the level of your expectancy -- God has more in store -- Breaking the barriers of the past -- Increasing in favor -- Living favor minded -- Develop a healthy self-image -- Who do you think you are? -- Understanding your value -- Become what you believe -- Developing a prosperous mindset -- Be happy with who you are -- Discover the power of your thoughts and words -- Choosing the right thoughts -- Re-programming your mental computer -- Power in your words -- Speaking life-changing words -- Speaking a blessing -- Let go of the past -- Letting go of emotional wounds -- Don't let bitterness take root -- Let God bring justice in your life -- Defeating disappointments -- Find strength through adversity -- Getting up on the inside -- Trusting God's timing -- The purpose of trials -- Trusting God when life doesn't make sense -- Live to give! -- The joy of giving -- Showing God's kindness and mercy -- Keep your heart of compassion open -- The seed must lead -- Sowing and growing -- Choose to be happy -- Happiness is a choice -- Being a person of excellence and integrity -- Living with enthusiasm. |
| 650 #0 - SUBJECT ADDED ENTRY--TOPICAL TERM | |
| Topical term or geographic name entry element | Self-actualization (Psychology) |
| General subdivision | Religious aspects |
| -- | Christianity. |
| 650 #0 - SUBJECT ADDED ENTRY--TOPICAL TERM | |
| Topical term or geographic name entry element | Success |
| General subdivision | Religious aspects |
| -- | Christianity. |
| 856 42 - ELECTRONIC LOCATION AND ACCESS | |
| Materials specified | Contributor biographical information |
| Uniform Resource Identifier | <a href="http://www.loc.gov/catdir/enhancements/fy0742/2004011442-b.html">http://www.loc.gov/catdir/enhancements/fy0742/2004011442-b.html</a> |
| 856 42 - ELECTRONIC LOCATION AND ACCESS | |
| Materials specified | Publisher description |
| Uniform Resource Identifier | <a href="http://www.loc.gov/catdir/enhancements/fy0914/2004011442-d.html">http://www.loc.gov/catdir/enhancements/fy0914/2004011442-d.html</a> |
| 906 ## - LOCAL DATA ELEMENT F, LDF (RLIN) | |
| a | 7 |
| b | cbc |
| c | orignew |
| d | 1 |
| e | ecip |
| f | 20 |
| g | y-gencatlg |
| 942 ## - ADDED ENTRY ELEMENTS (KOHA) | |
| Source of classification or shelving scheme | Dewey Decimal Classification |
| Koha item type | Books |
| Withdrawn status | Lost status | Source of classification or shelving scheme | Damaged status | Not for loan | Collection code | Home library | Current library | Shelving location | Date acquired | Cost, normal purchase price | Total Checkouts | Full call number | Barcode | Date last seen | Price effective from | Koha item type |
|---|---|---|---|---|---|---|---|---|---|---|---|---|---|---|---|---|
| Dewey Decimal Classification | Non-fiction | Harvest Mission College | Harvest Mission College | General Stacks | 13.11.2018 | 520.00 | 248.4 O85Y | 003981 | 13.11.2018 | 13.11.2018 | Books | |||||
| Dewey Decimal Classification | Non-fiction | Harvest Mission College | Harvest Mission College | General Stacks | 13.11.2018 | 520.00 | 248.4 O85Y | 011787 | 18.02.2021 | 13.11.2018 | Books |
